Biggest European Cities that end in S with a Map - Statistics

General Stats
  • This quiz has been taken 176 times
  • The average score is 16 of 30
Answers on the Map
Answers color-coded by a green-red scale on the quiz's map according to % correct below.
 
Answer Stats
Population City % Correct
2,175,601 Paris
99%
940,940 Naples
97%
664,046 Athens
94%
511,164 Leeds
90%
559,250 Vilnius
90%
352,751 Aarhus
83%
186,916 Brussels
82%
314,138 Nantes
81%
293,257 Kaunas
72%
217,728 Rennes
69%
187,211 Reims
64%
149,633 Nîmes
52%
183,164 Niš
52%
136,463 Tours
52%
133,891 Amiens
51%
198,593 Burgas
51%
143,252 Le Mans
48%
167,446 Patras
48%
154,508 Angers
44%
142,873 Pécs
42%
163,688 Piraeus
37%
176,418 Burgos
33%
184,824 Milton Keynes
25%
153,109 Neuss
23%
135,050 Dos Hermanas
20%
191,114 Leganés
16%
210,309 Móstoles
16%
134,290 Târgu Mureș
14%
226,143 Engels
11%
312,091 Cherepovets
10%
No matching quizzes found
Score Distribution
Percent of People with Each Score
Percentile by Number Answered
Your Score History
You have not taken this quiz